Duolingo Languages for English Speakers - Statistics

General Stats
  • This quiz has been taken 42 times
  • The average score is 31 of 36
Answer Stats
Hint Language % Correct
This language writes right to left. Arabic
97%
A language that uses a different alphabet which is not Chinese. Japanese
97%
The official language of the western country on the Iberian Peninsula. Portuguese
97%
This language is mostly spoken in Latin America. Spanish
97%
The official language of the country that made legos. Danish
95%
The official language of Israel. Hebrew
95%
A language in India. Hindi
95%
The old language of a country which owns most of the island it is named after. Irish
95%
A language with a different alphabet. Not Japanese. Korean
95%
Wide Putin is from this country with an official language of this. Russian
95%
A language of a country that was in a union with Norway in the 1800's. Swedish
95%
The official language of a country that used to be called the Ottoman Empire. Turkish
95%
An East Slavic language that uses the cyrillic alphabet. Ukrainian
95%
A language similar to Slovak. Czech
92%
This is the most widely spoken language in Belgium. Dutch
92%
A language from a big colonial empire in Africa. French
92%
A bunch of states used this language. German
92%
A language of an Axis country in the south of Europe. Italian
92%
A language of a country North Slavic country that uses the latin alphabet. Polish
92%
The song "Dragostea Din Tei" is in this language. Romanian
92%
A language for a country on the western side of Great Britain. Welsh
89%
A Finnic language but the country that it is an official language of is not near Finland. Hungarian
87%
A language used by one of the most northernmost countries in the world. Norwegian (Bokmål)
87%
The language of a country that owns the northern part of Great Britain. Scottish Gaelic
87%
A southeastern Asian language with around 90 million speakers. Vietnamese
84%
The hardest language to learn for English speakers. Chinese
79%
The official language of a country that gained independence in the 1820's. It also uses a different alphabet. Greek
79%
The official language of Tanzania Swahili
79%
This language sometimes puts words together to make other words. Finnish
76%
A language used in the Malay Archipelago. Indonesian
76%
A language on lots of places motto's. Latin
71%
A disappearing language in the Pacific Ocean. Hawaiian
68%
A language in Star Trek. Klingon
68%
A tribal language in the USA Navajo
68%
Romance vocabulary, Slavic grammar. Esperanto
50%
Language in "A Song of Ice and Fire." High Valyrian
37%
No matching quizzes found
Score Distribution
Percent of People with Each Score
Percentile by Number Answered
Your Score History
You have not taken this quiz